| 000 | 01306nam a2200337 a 4500 | ||
|---|---|---|---|
| 001 | 000003017 | ||
| 003 | DO-SdBNP | ||
| 005 | 20210920134306.0 | ||
| 007 | 000003017 | ||
| 008 | 090706s2008 dr a 001 0 spa d | ||
| 020 | _a9789945162257 | ||
| 040 |
_aBPMSU _bspa _cBPMSU |
||
| 082 | 4 |
_a972.93054 _bP944m 2008 _222 |
|
| 100 | 1 | _aPérez Modesto, Rafael | |
| 245 | 1 | 0 |
_aManolo Tavárez y las guerrillas constitucionalistas de 1963 : _banálisis crítico / _cRafael Pérez Modesto ; cuidado de edición Edgar Valenzuela ; corrección José Chez Checo, Juan Daniel Balcácer, Eric Simó. |
| 260 |
_aSanto Domingo : _bBúho, _c2008. |
||
| 300 |
_a63 p. : _bil. ; _c21 cm. |
||
| 490 | 0 |
_aConferencias, _v1 |
|
| 500 | _aIncluye datos biográficos del autor en la solapa de la cubierta | ||
| 500 | _aConferencia pronunciada en la Academia Dominicana de la Historia | ||
| 590 | _6Inventariado, 2021/VM | ||
| 600 | 1 | 4 |
_aTavárez Justor, Manuel _d1931-1963 |
| 650 | 4 |
_aGuerrillas _zRepública Dominicana _xHistoria _ySiglo XX |
|
| 651 | 4 |
_aRepública Dominicana _xHistoria _yErade Trujillo, 1930-1961 |
|
| 700 | 1 | _aValenzuela, Edgar, | |
| 700 | 1 |
_aChez Checo, José, _ecorr. |
|
| 700 | 1 |
_aBalcácer, Juan Daniel, _ecor. |
|
| 700 | 1 |
_aSimó, Eric, _ecor. |
|
| 910 | _aVMateo V. | ||
| 942 |
_2ddc _cBK |
||
| 999 |
_c8605 _d8605 |
||